000 00614nam a2200205Ii 4500
003 JO-AjNU
008 230606s9999||||xx |||||||||||||| ||und||
020 _a0-14-004236-3
040 _aJO-AjNU
_beng
_erda
_cJO-AjNU
041 _aeng
050 1 4 _aPS3537.T3234.G848 1982
100 3 _aSTEINBECK, JOHN,
_eauthor
_95397
245 0 0 _aSteinbeck: The Grapes Of Wrath
264 3 1 _aAmerica: Penguin Books ,1982
300 _a502P
336 _atext
_btxt
_2rdacontent
337 _aunmediated
_bn
_2rdamedia
338 _avolume
_bnc
_2rdacarrier
650 4 _aSteinbeck, John 1902-1964, The egrapes Of Warth
_95398
999 _aE2787
_c2785
_d2785